REAL TIME ANALYTICS TECHNIQUES TO ANALYZ (Record no. 26541)
[ view plain ]
| 000 -LEADER | |
|---|---|
| fixed length control field | 00301nam a2200121Ia 4500 |
| 008 - FIXED-LENGTH DATA ELEMENTS--GENERAL INFORMATION | |
| fixed length control field | 240624s9999 xx 000 0 und d |
| 041 ## - LANGUAGE CODE | |
| Language code of text/sound track or separate title | eng |
| 082 ## - DEWEY DECIMAL CLASSIFICATION NUMBER | |
| Classification number | 004.3 ELL |
| 100 ## - MAIN ENTRY--PERSONAL NAME | |
| Personal name | ELLIS BYRON |
| 245 ## - TITLE STATEMENT | |
| Title | REAL TIME ANALYTICS TECHNIQUES TO ANALYZ |
| 260 ## - PUBLICATION, DISTRIBUTION, ETC. | |
| Date of publication, distribution, etc. | 2014 |
| Place of publication, distribution, etc. | New Delhi |
| Name of publisher, distributor, etc. | Wiley |
| 365 ## - TRADE PRICE | |
| Currency code | RS |
| Price amount | 33 |
| Withdrawn status | Lost status | Damaged status | Not for loan | Home library | Current library | Shelving location | Date acquired | Source of acquisition | Cost, normal purchase price | Total Checkouts | Full call number | Barcode | Date last seen | Date last checked out | Copy number | Price effective from | Koha item type |
|---|---|---|---|---|---|---|---|---|---|---|---|---|---|---|---|---|---|
| IMTN | IMTN | Rack 1-A | 12/10/2015 | VBC | 699.00 | 1 | 004.3 ELL | 26541 | 09/08/2025 | 09/08/2025 | 1 | 06/24/2024 | Books |